000 00390 a2200145 4500
005 20250311131707.0
020 _a0-07-228962-7
082 _a330 FRA
100 _aFRANK, R .H.
245 _aPrinciples of Economics
260 _aBoston,
_bMcGraw Hill,
_c2001.
300 _axi, 863p.: ill.; graph, figure, picture,
_bglossary, index,
_c27cm.
700 _aBERNANKE, B. S.
942 _2ddc
_cBKS
999 _c388
_d388